[Event "DEM U16 2023"]
[Site "Willingen GER"]
[Date "2023.06.02"]
[Round "8"]
[White "Ohler, Julius"]
[Black "Heinisch, Niklas"]
[Result "1-0"]
[Termination "normal"]
[Board "7"]
[WhiteElo "2220"]
[BlackElo "1903"]
[WhiteClock "00:54:37"]
[BlackClock "00:35:51"]
[PlyCount "115"]
[WhiteFideId "16238982"]
[BlackFideId "16295080"]
[EventCountry "GER"]
[EventRounds "9"]
[EventType "swiss"]
[EventDate "2023.05.27"]

1. d4 {[%emt 0:00:02]} d5 {[%emt 0:00:13]} 2. c4 {[%emt 0:00:04]} c6 {[%emt
0:00:10]} 3. Nf3 {[%emt 0:00:04]} Nf6 {[%emt 0:01:00]} 4. Qb3 {[%emt 0:00:06]}
dxc4 {[%emt 0:00:37]} 5. Qxc4 {[%emt 0:00:05]} Bg4 {[%emt 0:00:44]} 6. Nbd2
{[%emt 0:00:27]} Nbd7 {[%emt 0:06:50]} 7. g3 {[%emt 0:07:47]} e6 {[%emt
0:04:11]} 8. Bg2 {[%emt 0:00:31]} Be7 {[%emt 0:04:23]} 9. O-O {[%emt 0:00:05]}
O-O {[%emt 0:01:46]} 10. Qb3 {[%emt 0:06:21]} Nb6 {[%emt 0:00:55]} 11. a4
{[%emt 0:06:30]} a5 {[%emt 0:01:20]} 12. e3 {[%emt 0:03:15]} Bb4 {[%emt
0:02:02]} 13. Ne5 {[%emt 0:01:24]} Be2 {[%emt 0:22:42]} 14. Re1 {[%emt
0:00:04]} Ba6 {[%emt 0:00:15]} 15. Rd1 {[%emt 0:02:37]} Be2 {[%emt 0:00:48]}
16. Re1 {[%emt 0:00:05]} Ba6 {[%emt 0:00:06]} 17. Bf1 {[%emt 0:07:46]} Bxf1
{[%emt 0:05:20]} 18. Rxf1 {[%emt 0:00:06]} Qd5 {[%emt 0:10:16]} 19. Nd3 {[%emt
0:08:03]} Nfd7 {[%emt 0:20:10]} 20. Nxb4 {[%emt 0:05:20]} Qxb3 {[%emt 0:00:11]}
21. Nxb3 {[%emt 0:00:03]} axb4 {[%emt 0:00:05]} 22. Bd2 {[%emt 0:01:01]} Nxa4
{[%emt 0:04:17]} 23. Bxb4 {[%emt 0:00:14]} Rfc8 {[%emt 0:00:30]} 24. Ra2 {[%emt
0:03:25]} Ra6 {[%emt 0:05:27]} 25. Na5 {[%emt 0:13:52]} Nab6 {[%emt 0:00:18]}
26. Rfa1 {[%emt 0:02:16]} Rca8 {[%emt 0:01:08]} 27. Ra3 {[%emt 0:00:06]} Nd5
{[%emt 0:03:35]} 28. Bd6 {[%emt 0:01:36]} b5 {[%emt 0:04:06]} 29. Nxc6 {[%emt
0:00:37]} Rxa3 {[%emt 0:00:02]} 30. Rxa3 {[%emt 0:00:07]} Rxa3 {[%emt 0:00:17]}
31. bxa3 {[%emt 0:00:09]} N7b6 {[%emt 0:00:52]} 32. Na7 {[%emt 0:00:29]} Nc3
{[%emt 0:00:27]} 33. Kf1 {[%emt 0:00:45]} f6 {[%emt 0:00:53]} 34. Ke1 {[%emt
0:00:40]} Kf7 {[%emt 0:00:19]} 35. Bb4 {[%emt 0:00:07]} Ncd5 {[%emt 0:00:54]}
36. Bc5 {[%emt 0:00:59]} Ke8 {[%emt 0:00:33]} 37. Nxb5 {[%emt 0:00:08]} Kd7
{[%emt 0:00:24]} 38. Kd2 {[%emt 0:05:13]} Kc6 {[%emt 0:00:16]} 39. Nc3 {[%emt
0:00:07]} Nc7 {[%emt 0:01:01]} 40. Kd3 {[%emt 0:00:27]} Nd7 {[%emt 0:00:22]}
41. Bb4 {[%emt 0:00:36]} Na6 {[%emt 0:03:47]} 42. Be7 {[%emt 0:01:51]} Nb6
{[%emt 0:01:57]} 43. e4 {[%emt 0:00:20]} f5 {[%emt 0:01:24]} 44. f3 {[%emt
0:00:20]} fxe4+ {[%emt 0:00:26]} 45. fxe4 {[%emt 0:00:06]} Nc7 {[%emt 0:01:40]}
46. Bd8 {[%emt 0:00:29]} Kd7 {[%emt 0:01:10]} 47. Bxc7 {[%emt 0:00:06]} Kxc7
{[%emt 0:00:02]} 48. d5 {[%emt 0:03:23]} Kd6 {[%emt 0:00:24]} 49. dxe6 {[%emt
0:01:13]} Kxe6 {[%emt 0:00:12]} 50. Kd4 {[%emt 0:00:05]} h5 {[%emt 0:00:47]}
51. a4 {[%emt 0:01:20]} Kd6 {[%emt 0:00:32]} 52. a5 {[%emt 0:00:49]} Nc8 {[%emt
0:00:50]} 53. e5+ {[%emt 0:00:57]} Kc7 {[%emt 0:01:01]} 54. Kc5 {[%emt
0:00:33]} Kb7 {[%emt 0:00:26]} 55. e6 {[%emt 0:00:31]} Kc7 {[%emt 0:00:07]} 56.
a6 {[%emt 0:00:26]} Kd8 {[%emt 0:00:13]} 57. Nd5 {[%emt 0:00:07]} g5 {[%emt
0:00:26]} 58. Kc6 {[%emt 0:00:10]} 1-0

[Event "DEM U16 2023"]
[Site "Willingen GER"]
[Date "2023.06.02"]
[Round "8"]
[White "Bock, Marlon"]
[Black "Fuhrmann, Bahne"]
[Result "1/2-1/2"]
[Termination "normal"]
[Board "8"]
[WhiteElo "1954"]
[BlackElo "2066"]
[WhiteClock "00:39:56"]
[BlackClock "00:50:45"]
[PlyCount "158"]
[WhiteFideId "16244931"]
[BlackFideId "16244842"]
[EventCountry "GER"]
[EventRounds "9"]
[EventType "swiss"]
[EventDate "2023.05.27"]

1. d4 Nf6 {[%emt 0:00:05]} 2. c4 {[%emt 0:00:03]} g6 {[%emt 0:00:04]} 3. Nc3
{[%emt 0:00:04]} d5 {[%emt 0:00:03]} 4. cxd5 {[%emt 0:00:06]} Nxd5 {[%emt
0:00:03]} 5. e4 {[%emt 0:00:10]} Nxc3 {[%emt 0:00:04]} 6. bxc3 {[%emt 0:00:03]}
Bg7 {[%emt 0:00:05]} 7. Nf3 {[%emt 0:00:10]} c5 {[%emt 0:00:07]} 8. Rb1 {[%emt
0:00:06]} O-O {[%emt 0:00:35]} 9. Be2 {[%emt 0:00:36]} cxd4 {[%emt 0:00:14]}
10. cxd4 {[%emt 0:00:12]} Qa5+ {[%emt 0:00:06]} 11. Qd2 {[%emt 0:00:09]} Qxd2+
{[%emt 0:02:37]} 12. Bxd2 {[%emt 0:00:05]} e6 {[%emt 0:09:03]} 13. O-O {[%emt
0:05:08]} Nc6 {[%emt 0:05:59]} 14. Be3 {[%emt 0:06:58]} b6 {[%emt 0:01:37]} 15.
Rfd1 {[%emt 0:03:34]} Rd8 {[%emt 0:10:48]} 16. Rbc1 {[%emt 0:02:43]} Bb7 {[%emt
0:00:19]} 17. a3 {[%emt 0:22:31]} Na5 {[%emt 0:01:54]} 18. Rc7 {[%emt 0:04:10]}
Rac8 {[%emt 0:12:50]} 19. Rdc1 {[%emt 0:13:34]} Rxc7 {[%emt 0:03:16]} 20. Rxc7
{[%emt 0:00:04]} Rc8 {[%emt 0:00:04]} 21. Rd7 {[%emt 0:09:49]} Bxe4 {[%emt
0:15:02]} 22. Ng5 {[%emt 0:01:45]} Bc6 {[%emt 0:00:05]} 23. Rxa7 {[%emt
0:01:28]} Be8 {[%emt 0:00:07]} 24. h3 {[%emt 0:03:32]} Bf8 {[%emt 0:01:11]} 25.
a4 {[%emt 0:06:26]} Nc6 {[%emt 0:10:41]} 26. Rb7 {[%emt 0:00:55]} Rb8 {[%emt
0:07:34]} 27. Rxb8 {[%emt 0:02:57]} Nxb8 {[%emt 0:00:05]} 28. Bf4 {[%emt
0:01:30]} Bh6 {[%emt 0:07:55]} 29. Bb5 {[%emt 0:03:45]} Bxb5 {[%emt 0:05:10]}
30. axb5 {[%emt 0:00:13]} Bxg5 {[%emt 0:01:01]} 31. Bxg5 {[%emt 0:02:57]} Nd7
{[%emt 0:00:06]} 32. Bd8 {[%emt 0:02:07]} Kf8 {[%emt 0:00:54]} 33. Kf1 {[%emt
0:01:37]} Ke8 {[%emt 0:01:36]} 34. Bc7 {[%emt 0:02:01]} Nf6 {[%emt 0:01:52]}
35. Bxb6 {[%emt 0:00:22]} Ne4 {[%emt 0:00:02]} 36. Ba5 {[%emt 0:02:39]} Nd6
{[%emt 0:00:12]} 37. b6 {[%emt 0:00:28]} Kd7 {[%emt 0:00:19]} 38. Ke2 {[%emt
0:02:41]} Kc6 {[%emt 0:00:50]} 39. Bb4 {[%emt 0:00:58]} Nc4 {[%emt 0:00:22]}
40. Kd3 {[%emt 0:02:57]} Nxb6 {[%emt 0:00:08]} 41. g3 {[%emt 0:00:53]} Kd5
{[%emt 0:00:19]} 42. Bd2 {[%emt 0:03:23]} Nc4 {[%emt 0:02:40]} 43. Bc1 {[%emt
0:00:29]} Nd6 {[%emt 0:00:06]} 44. Bf4 {[%emt 0:01:04]} Ne4 {[%emt 0:00:08]}
45. Be3 {[%emt 0:02:03]} Nd6 {[%emt 0:03:58]} 46. Bf4 {[%emt 0:00:23]} Nb5
{[%emt 0:00:14]} 47. Be5 {[%emt 0:00:39]} Na3 {[%emt 0:00:56]} 48. Bf4 {[%emt
0:01:06]} Nc4 {[%emt 0:00:05]} 49. Bc1 {[%emt 0:00:20]} Nb6 {[%emt 0:00:33]}
50. Bd2 {[%emt 0:01:35]} Nc8 {[%emt 0:01:23]} 51. Bb4 {[%emt 0:00:52]} Na7
{[%emt 0:00:06]} 52. Bd2 {[%emt 0:00:51]} Nb5 {[%emt 0:00:07]} 53. Be3 {[%emt
0:00:23]} f6 {[%emt 0:15:59]} 54. g4 {[%emt 0:01:45]} h5 {[%emt 0:04:50]} 55.
Bh6 {[%emt 0:06:02]} Nd6 {[%emt 0:03:17]} 56. gxh5 {[%emt 0:01:19]} gxh5 {[%emt
0:00:05]} 57. Bg7 {[%emt 0:03:04]} Ne8 {[%emt 0:01:25]} 58. Bh6 {[%emt
0:00:29]} f5 {[%emt 0:00:34]} 59. Bg5 {[%emt 0:02:43]} Nd6 {[%emt 0:00:24]} 60.
f3 {[%emt 0:00:24]} Nc4 {[%emt 0:00:19]} 61. Bc1 {[%emt 0:00:31]} Na5 {[%emt
0:00:19]} 62. Bd2 {[%emt 0:00:56]} Nc6 {[%emt 0:00:07]} 63. Bc3 {[%emt
0:00:11]} Ne7 {[%emt 0:00:10]} 64. Bd2 {[%emt 0:00:46]} Ng6 {[%emt 0:00:19]}
65. Bg5 {[%emt 0:00:28]} Nf8 {[%emt 0:00:55]} 66. Be7 {[%emt 0:01:41]} Nd7
{[%emt 0:00:06]} 67. Bd8 {[%emt 0:00:49]} Nb8 {[%emt 0:00:26]} 68. Ba5 {[%emt
0:00:16]} Nc6 {[%emt 0:00:44]} 69. Bc3 {[%emt 0:00:06]} Ne7 {[%emt 0:00:36]}
70. Bd2 {[%emt 0:00:11]} Nc8 {[%emt 0:00:29]} 71. Bb4 {[%emt 0:01:15]} Nb6
{[%emt 0:00:41]} 72. Bd2 {[%emt 0:00:13]} Kc6 {[%emt 0:00:39]} 73. Ke3 {[%emt
0:02:27]} Nc4+ {[%emt 0:02:50]} 74. Kd3 {[%emt 0:00:04]} Nxd2 {[%emt 0:00:09]}
75. Kxd2 {[%emt 0:00:02]} Kd5 {[%emt 0:00:07]} 76. Kd3 {[%emt 0:02:47]} e5
{[%emt 0:00:53]} 77. dxe5 {[%emt 0:00:15]} Kxe5 {[%emt 0:00:15]} 78. Ke3 {[%emt
0:00:31]} h4 {[%emt 0:00:38]} 79. f4+ {[%emt 0:01:47]} Kd5 {[%emt 0:00:06]
unterminated} 1/2-1/2

[Event "DEM U16 2023"]
[Site "Willingen GER"]
[Date "2023.06.02"]
[Round "8"]
[White "Zhou, Lepu Coco"]
[Black "Hecht, Jonas Christian"]
[Result "1/2-1/2"]
[Termination "normal"]
[Board "9"]
[WhiteElo "2001"]
[BlackElo "1949"]
[WhiteClock "01:00:52"]
[BlackClock "00:27:49"]
[PlyCount "48"]
[WhiteFideId "16217136"]
[BlackFideId "16214846"]
[EventCountry "GER"]
[EventRounds "9"]
[EventType "swiss"]
[EventDate "2023.05.27"]

1. e4 {[%emt 0:00:03]} c5 {[%emt 0:00:02]} 2. Nf3 {[%emt 0:00:10]} e6 {[%emt
0:00:05]} 3. c4 {[%emt 0:00:04]} Nc6 {[%emt 0:00:05]} 4. d4 {[%emt 0:00:07]}
cxd4 {[%emt 0:00:34]} 5. Nxd4 {[%emt 0:00:05]} Nf6 {[%emt 0:00:09]} 6. Nc3
{[%emt 0:00:05]} Bb4 {[%emt 0:01:27]} 7. Nxc6 {[%emt 0:00:07]} bxc6 {[%emt
0:03:19]} 8. Bd3 {[%emt 0:00:05]} e5 {[%emt 0:01:31]} 9. O-O {[%emt 0:00:11]}
O-O {[%emt 0:03:50]} 10. Qe2 {[%emt 0:00:41]} Qc7 {[%emt 0:09:06]} 11. Bd2
{[%emt 0:03:11]} a5 {[%emt 0:05:47]} 12. Rac1 {[%emt 0:04:02]} Rb8 {[%emt
0:05:28]} 13. a3 {[%emt 0:02:34]} Be7 {[%emt 0:03:31]} 14. Na4 {[%emt 0:02:17]}
c5 {[%emt 0:08:38]} 15. Nc3 {[%emt 0:06:19]} d6 {[%emt 0:09:44]} 16. Nb5 {[%emt
0:02:26]} Qb6 {[%emt 0:04:48]} 17. b4 {[%emt 0:10:57]} axb4 {[%emt 0:02:19]}
18. axb4 {[%emt 0:00:06]} Nd7 {[%emt 0:07:26]} 19. Nc3 {[%emt 0:05:10]} cxb4
{[%emt 0:03:09]} 20. Nd5 {[%emt 0:00:11]} Qd8 {[%emt 0:00:04]} 21. Bxb4 {[%emt
0:01:15]} Bb7 {[%emt 0:02:08]} 22. Ba5 {[%emt 0:12:30]} Qe8 {[%emt 0:00:40]}
23. Rc3 {[%emt 0:13:18]} Bxd5 {[%emt 0:01:48]} 24. cxd5 {[%emt 0:05:15]} Nc5
{[%emt 0:01:58]} 1/2-1/2

[Event "DEM U16 2023"]
[Site "Willingen GER"]
[Date "2023.06.02"]
[Round "8"]
[White "Englert, Luca"]
[Black "Reichmann, Felix"]
[Result "1-0"]
[Termination "normal"]
[Board "10"]
[WhiteElo "2109"]
[BlackElo "1976"]
[WhiteClock "00:56:22"]
[BlackClock "00:33:46"]
[PlyCount "77"]
[WhiteFideId "16293088"]
[BlackFideId "16238290"]
[EventCountry "GER"]
[EventRounds "9"]
[EventType "swiss"]
[EventDate "2023.05.27"]

1. e4 {[%emt 0:00:01]} c5 {[%emt 0:00:09]} 2. Nf3 {[%emt 0:00:04]} g6 {[%emt
0:01:28]} 3. d4 {[%emt 0:00:06]} cxd4 {[%emt 0:00:04]} 4. Nxd4 {[%emt 0:00:07]}
Bg7 {[%emt 0:00:03]} 5. c4 {[%emt 0:00:15]} Nc6 {[%emt 0:00:23]} 6. Be3 {[%emt
0:00:05]} Nf6 {[%emt 0:01:39]} 7. Nc3 {[%emt 0:00:07]} Ng4 {[%emt 0:00:04]} 8.
Qxg4 {[%emt 0:03:01]} Nxd4 {[%emt 0:01:50]} 9. Qd1 {[%emt 0:00:49]} e5 {[%emt
0:00:17]} 10. Bd3 {[%emt 0:01:33]} O-O {[%emt 0:00:20]} 11. O-O {[%emt
0:00:58]} d6 {[%emt 0:00:13]} 12. f4 {[%emt 0:01:49]} exf4 {[%emt 0:00:34]} 13.
Bxf4 {[%emt 0:00:43]} Ne6 {[%emt 0:00:26]} 14. Be3 {[%emt 0:01:36]} Nc5 {[%emt
0:02:22]} 15. Rc1 {[%emt 0:03:15]} Re8 {[%emt 0:04:03]} 16. b4 {[%emt 0:11:16]}
Bg4 {[%emt 0:21:49]} 17. Qd2 {[%emt 0:02:39]} Nxd3 {[%emt 0:08:13]} 18. Qxd3
{[%emt 0:00:08]} Qe7 {[%emt 0:00:42]} 19. Rf4 {[%emt 0:08:51]} Be6 {[%emt
0:01:36]} 20. Rcf1 {[%emt 0:00:35]} Be5 {[%emt 0:20:34]} 21. R4f3 {[%emt
0:06:35]} f6 {[%emt 0:09:07]} 22. Nd5 {[%emt 0:02:06]} Bxd5 {[%emt 0:00:20]}
23. exd5 {[%emt 0:02:34]} b6 {[%emt 0:06:14]} 24. Qb3 {[%emt 0:09:16]} Kh8
{[%emt 0:06:58]} 25. Bd2 {[%emt 0:05:33]} f5 {[%emt 0:01:43]} 26. Re1 {[%emt
0:07:49]} Qh4 {[%emt 0:01:04]} 27. g3 {[%emt 0:06:22]} Qd4+ {[%emt 0:04:31]}
28. Be3 {[%emt 0:01:24]} Qg4 {[%emt 0:03:29]} 29. Kg2 {[%emt 0:02:02]} Rac8
{[%emt 0:00:31]} 30. Rc1 {[%emt 0:01:32]} Qe4 {[%emt 0:00:45]} 31. Bf2 {[%emt
0:05:46]} h5 {[%emt 0:02:30]} 32. c5 {[%emt 0:02:08]} bxc5 {[%emt 0:01:27]} 33.
bxc5 {[%emt 0:00:01]} dxc5 {[%emt 0:00:33]} 34. Re1 {[%emt 0:00:26]} Qg4 {[%emt
0:03:17]} 35. Rfe3 {[%emt 0:00:14]} c4 {[%emt 0:00:50]} 36. Qc2 {[%emt
0:00:31]} h4 {[%emt 0:02:30]} 37. Rxe5 {[%emt 0:00:25]} Rxe5 {[%emt 0:00:06]}
38. Qc3 {[%emt 0:02:33]} h3+ {[%emt 0:00:36]} 39. Kg1 {[%emt 0:00:52]} 1-0

[Event "DEM U16 2023"]
[Site "Willingen GER"]
[Date "2023.06.02"]
[Round "8"]
[White "Fathke, Luke"]
[Black "Peglau, Charis"]
[Result "1/2-1/2"]
[Termination "normal"]
[Board "11"]
[BlackTitle "WFM"]
[WhiteElo "1637"]
[BlackElo "2114"]
[WhiteClock "00:37:41"]
[BlackClock "00:50:17"]
[PlyCount "47"]
[WhiteFideId "16230230"]
[BlackFideId "16219996"]
[EventCountry "GER"]
[EventRounds "9"]
[EventType "swiss"]
[EventDate "2023.05.27"]

1. e4 {[%emt 0:00:03]} Nc6 {[%emt 0:00:05]} 2. Nf3 {[%emt 0:01:15]} f5 {[%emt
0:00:17]} 3. exf5 {[%emt 0:04:00]} d5 {[%emt 0:00:06]} 4. d4 {[%emt 0:01:04]}
Bxf5 {[%emt 0:00:07]} 5. Bd3 {[%emt 0:04:46]} e6 {[%emt 0:00:09]} 6. O-O {[%emt
0:03:40]} Bd6 {[%emt 0:00:12]} 7. Nc3 {[%emt 0:05:55]} Nge7 {[%emt 0:01:30]} 8.
Nb5 {[%emt 0:03:34]} O-O {[%emt 0:01:28]} 9. Bg5 {[%emt 0:04:26]} Qd7 {[%emt
0:01:46]} 10. Nxd6 {[%emt 0:02:30]} Qxd6 {[%emt 0:03:44]} 11. c3 {[%emt
0:06:30]} Ng6 {[%emt 0:03:04]} 12. Nh4 {[%emt 0:05:23]} Bxd3 {[%emt 0:04:57]}
13. Qxd3 {[%emt 0:01:21]} Nce7 {[%emt 0:00:34]} 14. Bxe7 {[%emt 0:03:37]} Nxe7
{[%emt 0:01:19]} 15. Qg3 {[%emt 0:00:31]} Qxg3 {[%emt 0:02:30]} 16. hxg3 {[%emt
0:01:03]} Rf6 {[%emt 0:06:52]} 17. Nf3 {[%emt 0:03:35]} Nf5 {[%emt 0:10:04]}
18. Rae1 {[%emt 0:02:34]} Nd6 {[%emt 0:01:14]} 19. Re2 {[%emt 0:03:45]} Ne4
{[%emt 0:01:47]} 20. Ne5 {[%emt 0:03:20]} b6 {[%emt 0:08:25]} 21. Rfe1 {[%emt
0:07:27]} c5 {[%emt 0:00:46]} 22. Ng4 {[%emt 0:10:06]} Rg6 {[%emt 0:08:08]} 23.
Ne5 {[%emt 0:00:54]} Rf6 {[%emt 0:10:18]} 24. Ng4 {[%emt 0:00:50]} 1/2-1/2

[Event "DEM U16 2023"]
[Site "Willingen GER"]
[Date "2023.06.02"]
[Round "8"]
[White "Demchenko, Yaroslav"]
[Black "Müller, Maximilian"]
[Result "0-1"]
[Termination "normal"]
[Board "12"]
[WhiteElo "1814"]
[BlackElo "1908"]
[WhiteClock "00:35:08"]
[BlackClock "00:53:56"]
[PlyCount "90"]
[WhiteFideId "14186667"]
[BlackFideId "16243552"]
[EventCountry "GER"]
[EventRounds "9"]
[EventType "swiss"]
[EventDate "2023.05.27"]

1. e4 {[%emt 0:00:02]} e6 {[%emt 0:00:04]} 2. d4 {[%emt 0:00:05]} b6 {[%emt
0:00:05]} 3. Nf3 {[%emt 0:07:03]} Bb7 {[%emt 0:00:08]} 4. Bd3 {[%emt 0:00:17]}
c5 {[%emt 0:03:00]} 5. c4 {[%emt 0:09:34]} cxd4 {[%emt 0:05:01]} 6. Nxd4 {[%emt
0:00:11]} Nc6 {[%emt 0:00:08]} 7. Nf3 {[%emt 0:09:06]} Nf6 {[%emt 0:07:52]} 8.
O-O {[%emt 0:04:24]} Be7 {[%emt 0:06:40]} 9. e5 {[%emt 0:13:34]} Ng4 {[%emt
0:02:46]} 10. Qe2 {[%emt 0:05:23]} Qc7 {[%emt 0:00:07]} 11. Bf4 {[%emt
0:02:32]} d6 {[%emt 0:07:46]} 12. exd6 {[%emt 0:03:52]} Bxd6 {[%emt 0:02:37]}
13. Bxd6 {[%emt 0:00:03]} Qxd6 {[%emt 0:00:06]} 14. g3 {[%emt 0:04:37]} O-O-O
{[%emt 0:06:48]} 15. Bc2 {[%emt 0:02:17]} Nge5 {[%emt 0:00:51]} 16. Be4 {[%emt
0:13:34]} f5 17. Nxe5 Qxe5 18. Bf3 Qd6 {[%emt 0:07:54]} 19. Na3 {[%emt
0:06:43]} Kb8 {[%emt 0:07:07]} 20. Rad1 {[%emt 0:02:33]} Nd4 {[%emt 0:02:24]}
21. Rxd4 {[%emt 0:00:07]} Qxd4 {[%emt 0:00:16]} 22. Bxb7 {[%emt 0:00:18]} Kxb7
{[%emt 0:00:07]} 23. Qxe6 {[%emt 0:00:48]} Qd7 {[%emt 0:00:44]} 24. Qe3 {[%emt
0:01:19]} Qd3 {[%emt 0:03:59]} 25. Qe5 {[%emt 0:02:07]} g6 {[%emt 0:05:04]} 26.
Nb5 {[%emt 0:01:48]} Qd7 {[%emt 0:00:06]} 27. a4 {[%emt 0:04:45]} Rhe8 {[%emt
0:00:22]} 28. Qf6 {[%emt 0:01:24]} Re6 {[%emt 0:00:08]} 29. Qg5 {[%emt
0:00:26]} Qe7 {[%emt 0:00:19]} 30. Qf4 {[%emt 0:01:30]} Re1 {[%emt 0:01:46]}
31. Qf3+ {[%emt 0:01:02]} Qe4 {[%emt 0:00:26]} 32. Qxe4+ {[%emt 0:01:44]} Rxe4
{[%emt 0:00:02]} 33. Rc1 {[%emt 0:02:19]} Rd2 {[%emt 0:01:10]} 34. c5 {[%emt
0:00:06]} bxc5 {[%emt 0:00:22]} 35. Rxc5 {[%emt 0:00:05]} Ree2 {[%emt 0:01:28]}
36. Rc7+ {[%emt 0:01:04]} Kb6 {[%emt 0:00:09]} 37. Rxa7 {[%emt 0:00:59]} Rxf2
{[%emt 0:00:11]} 38. Rxh7 {[%emt 0:00:33]} Rxb2 {[%emt 0:00:35]} 39. Nd6 {[%emt
0:01:19]} Kc6 {[%emt 0:02:12]} 40. Nc4 {[%emt 0:00:42]} Rg2+ {[%emt 0:03:27]}
41. Kh1 {[%emt 0:03:06]} Ra2 {[%emt 0:00:12]} 42. Ne5+ {[%emt 0:00:05]} Kd6
{[%emt 0:00:59]} 43. Nc4+ {[%emt 0:05:13]} Ke6 {[%emt 0:01:24]} 44. Rg7 {[%emt
0:02:56]} Rgc2 {[%emt 0:00:49]} 45. Rxg6+ {[%emt 0:00:04]} Ke7 {normal} 0-1

[Event "DEM U16 2023"]
[Site "Willingen GER"]
[Date "2023.06.02"]
[Round "8"]
[White "Schulz, Bruno Andreas"]
[Black "Pfeffer, Samuel"]
[Result "1-0"]
[Termination "normal"]
[Board "13"]
[WhiteElo "1796"]
[BlackElo "1504"]
[WhiteClock "00:59:24"]
[BlackClock "00:32:05"]
[PlyCount "55"]
[WhiteFideId "34618473"]
[BlackFideId "16249160"]
[EventCountry "GER"]
[EventRounds "9"]
[EventType "swiss"]
[EventDate "2023.05.27"]

1. d4 {[%emt 0:00:26]} Nf6 {[%emt 0:01:43]} 2. c4 {[%emt 0:00:18]} e6 {[%emt
0:00:35]} 3. Nf3 {[%emt 0:00:04]} Bb4+ {[%emt 0:01:08]} 4. Nc3 {[%emt 0:02:35]}
O-O {[%emt 0:00:28]} 5. Bf4 {[%emt 0:00:45]} c5 {[%emt 0:01:15]} 6. e3 {[%emt
0:00:46]} cxd4 {[%emt 0:00:47]} 7. Nxd4 {[%emt 0:02:01]} Qa5 {[%emt 0:01:00]}
8. Nde2 {[%emt 0:00:13]} d5 {[%emt 0:12:02]} 9. a3 {[%emt 0:06:53]} Bxc3+
{[%emt 0:01:14]} 10. Nxc3 {[%emt 0:00:29]} Ne4 {[%emt 0:05:16]} 11. Qc2 {[%emt
0:01:14]} Nxc3 {[%emt 0:01:44]} 12. b4 {[%emt 0:02:57]} Qa4 {[%emt 0:01:05]}
13. Qxc3 {[%emt 0:00:18]} dxc4 {[%emt 0:02:05]} 14. Bxc4 {[%emt 0:01:43]} Qc6
{[%emt 0:00:06]} 15. Qd3 {[%emt 0:02:48]} Qxg2 {[%emt 0:04:33]} 16. O-O-O
{[%emt 0:00:45]} Qg6 {[%emt 0:02:12]} 17. Qc3 {[%emt 0:03:01]} Qh5 {[%emt
0:04:54]} 18. Rhg1 {[%emt 0:01:49]} f6 {[%emt 0:00:32]} 19. Bd6 {[%emt
0:00:34]} Rf7 {[%emt 0:00:44]} 20. Qb3 {[%emt 0:00:52]} Qf5 {[%emt 0:02:53]}
21. e4 {[%emt 0:01:28]} Qxe4 {[%emt 0:04:01]} 22. Bd3 {[%emt 0:04:44]} Qh4
{[%emt 0:02:07]} 23. Bg3 {[%emt 0:01:37]} Qh5 {[%emt 0:00:48]} 24. Bc4 {[%emt
0:01:55]} Bd7 {[%emt 0:17:13]} 25. Bxe6 {[%emt 0:09:45]} Bxe6 {[%emt 0:02:51]}
26. Rd8+ {[%emt 0:00:05]} Rf8 {[%emt 0:00:11]} 27. Qxe6+ {[%emt 0:00:04]} Qf7
{[%emt 0:00:14]} 28. Rxf8+ {[%emt 0:00:02]} 1-0